000 00769cam a22002531 4500
001 BD-DhSAU 7540
003 BD-DhSAU
005 20150524133058.0
008 750905s1937 paua rb 001 0 eng
040 _aBD-DhSAU
082 _a580
_222
_bROP
100 1 _aRobbins, Wilfred W.
_d1884-1952.
245 1 0 _aPlants useful to man /
_cby Wilfred W. Robbins and Francis Ramaley.
250 _a2nd ed.
260 _aPhiladelphia :
_bP. Blakiston's Son & Co., inc.
_cc1937.
300 _aix, 422 p. :
_bill. ;
_c22 cm.
504 _aIncludes bibliographical references and index.
590 _ajoy
650 0 _aBotany
_xEconomic.
650 0 _aPlants, Cultivated.
650 0 _aGentetics.
700 1 _aRamaley, Francis,
_d1870-
_ejoint author.
942 _2ddc
_cBOOK
999 _c7540
_d7540